|
|
|
|
| LEADER |
00000nam0a2200000 4500 |
| 001 |
262362 |
| 005 |
20231031222012.0 |
| 035 |
|
|
|a (RuTPU)RU\TPU\book\285345
|
| 090 |
|
|
|a 262362
|
| 100 |
|
|
|a 20140531d1969 k y0rusy50 ca
|
| 101 |
0 |
|
|a rus
|
| 102 |
|
|
|a UA
|
| 105 |
|
|
|a a z 001zy
|
| 200 |
1 |
|
|a Статистическое взаимодействие электронов и дефектов в полупроводниках
|f В. Л. Винецкий, Г. А. Холодарь
|g Академия наук Украинской ССР (АН УССР), Институт физики (ИФ)
|
| 210 |
|
|
|a Киев
|c Наукова думка
|d 1969
|
| 215 |
|
|
|a 187 с.
|c ил.
|
| 320 |
|
|
|a Библиогр.: с. 182-185
|
| 606 |
1 |
|
|a Полупроводники
|x Физика
|2 stltpush
|3 (RuTPU)RU\TPU\subj\50607
|
| 610 |
1 |
|
|a полупроводники
|
| 610 |
1 |
|
|a электроны
|
| 610 |
1 |
|
|a дефекты
|
| 610 |
1 |
|
|a физические свойства
|
| 610 |
1 |
|
|a статистическое взаимодействие
|
| 675 |
|
|
|a 537.311.322
|v 3
|
| 700 |
|
1 |
|a Винецкий
|b В. Л.
|g Валентин Львович
|
| 701 |
|
1 |
|a Холодарь
|b Г. А.
|g Галина Антоновна
|
| 712 |
0 |
2 |
|a Академия наук Украинской ССР (АН УССР)
|b Институт физики (ИФ)
|2 stltpush
|3 (RuTPU)RU\TPU\col\12595
|
| 801 |
|
1 |
|a RU
|b 63413507
|c 20140531
|
| 801 |
|
2 |
|a RU
|b 63413507
|c 20230116
|g RCR
|
| 942 |
|
|
|c BK
|